[Event "BOL-ch U20 Girls"]
[Site "Cochabamba"]
[Date "2022.05.14"]
[Round "3"]
[White "Torrejon Teran, Valeria Emily"]
[Black "Chuari Condori, Jhoselin"]
[Result "0-1"]
[WhiteElo "1022"]
[BlackElo "1201"]
[PlyCount "112"]
[EventDate "2022.05.13"]
[EventType "swiss"]
[EventRounds "7"]
[EventCountry "BOL"]
[SourceTitle "EXT 2023"]
[Source "ChessBase"]
[SourceDate "2022.10.05"]
[SourceVersion "1"]
[SourceVersionDate "2022.10.05"]
[SourceQuality "1"]

1. e4 e6 2. d4 d5 3. e5 c5 4. c3 Qb6 5. f4 Nc6 6. Nf3 Bd7 7. Be2 cxd4 8. cxd4 Nge7 9. Nc3 Nf5 10. Bb5 Ncxd4 11. Bxd7+ Kxd7 12. Nxd4 Qxd4 13. Qxd4 Nxd4 14. 0-0 a6 15. Rd1 Bc5 16. Kf1 Nc2 17. Rb1 Ne3+ 18. Bxe3 Bxe3 19. g3 b5 20. Ke2 Ba7 21. Ne4 Ke7 22. Nd6 Bb8 23. Nb7 Ra7 24. Na5 Rc7 25. Rbc1 Rhc8 26. Kd2 Rxc1 27. Rxc1 Rxc1 28. Kxc1 Kd7 29. Kc2 Bc7 30. Nb3 Bb6 31. Nd2 Kc6 32. Kc3 a5 33. a3 a4 34. b3 axb3 35. Kxb3 Ba5 36. Nf1 Kc5 37. a4 bxa4+ 38. Kxa4 Bc7 39. Kb3 f6 40. exf6 gxf6 41. Kc3 e5 42. fxe5 fxe5 43. h4 e4 44. Kd2 h5 45. Ke2 d4 46. Nd2 Kd5 47. Nf1 Ke5 48. Kf2 Kf5 49. Nh2 d3 50. Nf1 Bb6+ 51. Ke1 Kg4 52. Kd1 e3 53. Ke1 e2 54. Nd2 Kxg3 55. Ne4+ Kxh4 56. Nf2 Ba5# 0-1

[Event "BOL-ch U20 Girls"]
[Site "Cochabamba"]
[Date "2022.05.14"]
[Round "5"]
[White "Velasquez Nava, Raquel"]
[Black "Chuari Condori, Jhoselin"]
[Result "0-1"]
[WhiteElo "1458"]
[BlackElo "1201"]
[PlyCount "72"]
[EventDate "2022.05.13"]
[EventType "swiss"]
[EventRounds "7"]
[EventCountry "BOL"]
[SourceTitle "EXT 2023"]
[Source "ChessBase"]
[SourceDate "2022.10.05"]
[SourceVersion "1"]
[SourceVersionDate "2022.10.05"]
[SourceQuality "1"]

1. d4 Nf6 2. Bf4 g6 3. e3 Bg7 4. Nf3 d6 5. Be2 0-0 6. 0-0 Nbd7 7. c4 b6 8. Nc3 Bb7 9. Rc1 Re8 10. Qb3 e5 11. dxe5 dxe5 12. Bg5 h6 13. Bxf6 Nxf6 14. Rfd1 Qe7 15. c5 Rad8 16. Rxd8 Rxd8 17. cxb6 axb6 18. Nb5 c5 19. Na3 e4 20. Nh4 Nd5 21. g3 Bf6 22. Ng2 Nb4 23. Bc4 Nd3 24. Bxd3 exd3 25. Rf1 d2 26. Qc2 Bf3 27. Rd1 Bxd1 28. Qxd1 Bxb2 29. Nc4 Bc1 30. Nf4 Qa7 31. Ne2 Qa6 32. Nxc1 Qxc4 33. Nb3 Qa4 34. Kg2 Qxa2 35. Nc1 Qd5+ 36. Kg1 dxc1Q 0-1